| Tag |
First Indicator |
Second Indicator |
Subfields |
| LEADER |
00000cam a22000008a 4500 |
| 001 |
in00000080992 |
| 005 |
20151008055351.0 |
| 008 |
810622s1981 deu b 00100 eng |
| 010 |
|
|
|a 80054664
|
| 020 |
|
|
|a 0842021833 :
|c $49.50
|
| 035 |
|
|
|a (OCoLC)07596972
|
| 035 |
|
|
|9 AAJ3273AM
|
| 040 |
|
|
|a DLC
|c DLC
|d TXA
|d UtOrBLW
|
| 043 |
|
|
|a n-us---
|
| 049 |
|
|
|a TXAS [mil]
|
| 050 |
0 |
0 |
|a UB418.A47
|b B55 1981
|
| 082 |
0 |
|
|a 355.1/08996073
|2 19
|
| 245 |
0 |
0 |
|a Blacks in the military :
|b essential documents /
|c edited by Bernard C. Nalty and Morris J. MacGregor.
|
| 264 |
|
1 |
|a Wilmington, Del. :
|b Scholarly Resources,
|c 1981.
|
| 300 |
|
|
|a xi, 367 pages ;
|c 26 cm.
|
| 336 |
|
|
|a text
|b txt
|2 rdacontent
|
| 337 |
|
|
|a unmediated
|b n
|2 rdamedia
|
| 338 |
|
|
|a volume
|b nc
|2 rdacarrier
|
| 504 |
|
|
|a Includes bibliographical references and index.
|
| 650 |
|
0 |
|a African American soldiers
|x History
|x Sources.
|
| 700 |
1 |
|
|a Nalty, Bernard C.
|
| 700 |
1 |
|
|a MacGregor, Morris J.,
|d 1931-
|
| 999 |
|
|
|a MARS
|
| 999 |
f |
f |
|s 2f0cd8de-f64b-3edd-aa8a-7897b816436f
|i c1cddcb0-8398-3dbb-a412-c7a0178051f9
|t 0
|
| 952 |
f |
f |
|p noncirc
|a Texas A&M University
|b College Station
|c Cushing Memorial Library & Archives
|d Cushing: Ragan Military (Does not check out)
|t 0
|e UB418.A47 B55 1981
|h Library of Congress classification
|i unmediated -- volume
|
| 998 |
f |
f |
|a UB418.A47 B55 1981
|t 0
|l Cushing: Ragan Military (Does not check out)
|